000 00575cam a2200193 a 4500
001 12553814
005 20250130171207.0
008 010621s2001 enka bf 001 0 eng
020 _a0748757104
050 0 0 _aBF637.C6
_bS768 2001
082 0 0 _a158/.3/03
_221
100 1 _aStewart, William,
_d1927-
245 1 3 _aAn A-Z of counselling theory and practice /
_cWilliam Stewart.
250 _a3rd ed.
260 _aCheltenham, UK :
_bNelson Thornes,
_c2001.
300 _axvi, 471 p. :
_bill. ;
_c24 cm.
650 0 _aCounseling
_vHandbooks, manuals, etc.
942 _2lcc
_cBK
_n0
999 _c3267
_d3267